Estudios Luso-Hispanos de Historia del Derecho Tomo II

Detalles Bibliográficos
Autor principal: Nogueira da Silva, Cristina
Otros Autores: Seixas, Margarida
Formato: eBook
Lenguaje:español
Publicado: Madrid: Dykinson, 2021
Materias:
Acceso en línea:Acceso restringido

MARC

LEADER 00000nam a22000007a 4500
005 20220418210233.0
007 cr|||| ||||
008 220418s2021 es |||||s|||| 00||0 spa d
020 |a 978-84-1377-510-4 
035 |a 35087 
040 |a vLex 
090 |c 13187  |d 13187 
100 1 |a Nogueira da Silva, Cristina 
245 1 0 |a Estudios Luso-Hispanos de Historia del Derecho  |h [Recurso electrn̤ico] /  |c Cristina Nogueira da Silva, Margarida Seixas  |n Tomo II 
256 |a Servicio en ln̕ea 
260 |a Madrid:  |b Dykinson,  |c 2021 
300 |a 1 recurso electrn̤ico 
506 1 |a Disponible solo en los productos indicados  |d vLex Global  |d vLex Global (Academic Edition, excluding Law Schools)  |d vLex Global (U.S. Academic Edition, Law Schools)  |d vLex Global (U.S. Academic Edition, excluding Law Schools)  |d vLex Global (Academic Edition, Law Schools) 
650 0 4 |a Ciencias sociales  |z Espaą 
700 1 |a Seixas, Margarida 
740 0 |a vLex Libros (Servicio en ln̕ea) 
856 4 0 |u https://app.vlex.com/#/sources/35087  |z Acceso restringido 
942 |c BOOK 
999 0 |a Social Sciences